000 00753nas a2200241 4500
001 BR9206624
003 BR-BrBNA
005 20231205092939.0
007 ta
008 230509b bl.|||p| |||| 00| 00por d
040 _aBR-BrBNA
_bpor
_cBiblioteca Nacional de Agricultura
041 _a(Pt)
072 _aC20
100 1 _aMakishima, N.
100 1 _aConti, A.B.
245 1 _aSugestoes para a uniformizacao da conceituacao da terminologia na comercializacao e agrupamento de produtos hortigranjeiros
650 _aDOCUMENTACAO
650 _aDIVULGACAO
650 _aEXTENSAO RURAL
773 0 _tRevista de Olericultura (Brazil)
_x
_g(1975), (no. 15) p. 281-283
_wBR9206624
909 _a202311
_bLúcia
_c55
_dLúcia Elande
942 _2AGRIS
_n0
_cANA
999 _c135307
_d135307